Aves de La Guajira : (Registro nro. 5467)

Detalles MARC
000 -CABECERA
Campo de control 01121nam a2200289 i 4500
005 - FECHA Y HORA DE LA ULTIMA TRANSACCION
Campo de control 20170131020001.0
008 - ELEMENTOS DE LONGITUD FIJA—INFORMACION GENERAL
Campo de control 160105b ck a |r|||| 00| 0 spa d
040 ## - FUENTE DE CATALOGACIÓN
Agencia catalogadora original CO-BoIAVH
Agencia transcriptora CO-BoIAVH
041 ## - IDIOMA
Código de idioma para texto/pista de sonido o título separado Español
044 ## - PAÍS DE PUBLICACIÓN
País de publicación Colombia
090 ## - CLASIFICACIÓN LOCAL
Colección FG
Consecutivo 0021
100 1# - ASIENTO PRINCIPAL--NOMBRE PERSONAL
Nombre personal Morales Rozo, Andrea
9 (RLIN) 17494
245 10 - MENCION DE TITULO
Título Aves de La Guajira :
Parte restante del título humedales y zonas bajas /
Mención de responsabilidad Andrea Morales Rozo, y (otros cuatro autores).
260 ## - PUBLICACION, DISTRIBUCION, ETC. (PIE DE IMPRENTA)
Lugar de publicación, distribución, etc. [Lugar de publicación desconocido]
Nombre del editor, distribuidor, etc. Conservación Internacional
-- Cerrejón
-- Corpoguajira
Fecha de publicación, distribución, etc. 2007
300 ## - DESCRIPCION FISICA
Extensión [10 páginas] :
Otros detalles físicos ilustraciones a color
Dimensiones 21 cm.
490 00 - MENCION DE SERIE
Mención de serie Serie guías de bolsillo
650 14 - ASIENTO SECUNDARIO DE MATERIA - TERMINO TEMATICO
Término temático o nombre geográfico como elemento de entrada Aves
Subdivisión de forma Guías
Subdivisión geográfica Guajira (Colombia)
9 (RLIN) 46219
650 24 - ASIENTO SECUNDARIO DE MATERIA - TERMINO TEMATICO
Término temático o nombre geográfico como elemento de entrada Aves terrestres
Subdivisión de forma Guías
Subdivisión geográfica Guajira
9 (RLIN) 46220
650 24 - ASIENTO SECUNDARIO DE MATERIA - TERMINO TEMATICO
Término temático o nombre geográfico como elemento de entrada Aves acuáticas
Subdivisión de forma Guías
Subdivisión geográfica Guajira
9 (RLIN) 46221
650 24 - ASIENTO SECUNDARIO DE MATERIA - TERMINO TEMATICO
Término temático o nombre geográfico como elemento de entrada Aves
Subdivisión general Identificación
Subdivisión de forma Guías
Subdivisión geográfica Guajira
9 (RLIN) 46222
662 ## - ASIENTO SECUNDARIO DE MATERIA - JERARQUIA DEL NOMBRE DE LUGAR(
País o entidad mayor Colombia
Jurisdicción política de primer orden Guajira
700 1# - ASIENTO SECUNDARIO - NOMBRE PERSONAL
Nombre personal Ayerbe Quiñones, Fernando
Término de relación autor
9 (RLIN) 28188
700 1# - ASIENTO SECUNDARIO - NOMBRE PERSONAL
Nombre personal Rodríguez Gacha, Diego
Término de relación autor
9 (RLIN) 46203
700 1# - ASIENTO SECUNDARIO - NOMBRE PERSONAL
Nombre personal Rodríguez M., José Vicente
Término de relación autor
9 (RLIN) 16822
700 1# - ASIENTO SECUNDARIO - NOMBRE PERSONAL
Nombre personal Strewe, Ralph
Término de relación autor
9 (RLIN) 46204
942 ## - ELEMENTOS ADICIONALES (KOHA)
Tipo de ítem Folleto
Sistema de clasificación Dewey Decimal Classification
Koha issues (borrowed), all copies 2
Existencias
Withdrawn status Lost status Sistema de Clasificación Damaged status No para préstamo Colección Inventariado Ubicación Permanente Ubicación actual Fecha de adquisición Total Checkouts Número topográfico Inventario / Código de Barras Date last seen Ejemplar Price effective from Forma de adquisición Tipo de material Date checked out
    Local     General Inventariado 2017 Bogotá Bogotá 19/04/2007   FG-0021 023983 18/04/2013 Ej.1 04/12/2012   Folleto  
    Local     General Inventariado 2017 Bogotá Bogotá 19/04/2007 2 FG-0021 023984 06/02/2017 Ej.2 04/12/2012   Folleto 30/01/2017